Thăng Long thi văn tuyển

Wedi'i Gadw mewn:
Manylion Llyfryddiaeth
Fformat: Llyfr
Iaith:Undetermined
Cyhoeddwyd: Hà Nội Văn Học 2010
Pynciau:
Tagiau: Ychwanegu Tag
Dim Tagiau, Byddwch y cyntaf i dagio'r cofnod hwn!
Thư viện lưu trữ: Trung tâm Học liệu Trường Đại học Cần Thơ
LEADER 00516nam a2200181Ia 4500
001 CTU_176070
008 210402s9999 xx 000 0 und d
020 |c 60000 
082 |a 895.9221008 
082 |b Th116 
245 0 |a Thăng Long thi văn tuyển 
245 0 |c Bùi Hạnh Cẩn (Biên dịch) 
260 |a Hà Nội 
260 |b Văn Học 
260 |c 2010 
650 |a Vietnamese poetry,Thơ Việt Nam 
904 |i mai,Hải 
980 |a Trung tâm Học liệu Trường Đại học Cần Thơ